Регионална библиотека "Любен Каравелов" - Русе

Десетият остров (Запис номер 460098)

MARC детайли
000 -Лидер
Контролно поле с фиксирана дължина 01120nam a2200289 a 4500
003 - Код на организацията, давaща контролен номер
Контролно поле BLK
005 - Дата и час на последна редакция
Контролно поле 20231123144237.0
008 - Елементи от данни с фиксирана дължина
fixed length control field 220609b bu |||||r|||| 00| | bu d
020 ## - Международен стандартен номер на книга ISBN
Международен стандартен номер на книга ISBN 9786192432188
040 ## - Източник на каталожния запис
Идентификатор на билиотеката - собственик на записа BLK
041 ## - Код за език
Код за езика на текст/звукозапис или на отделно заглавие Български
Код за езика КДБФ Български
080 ## - УДК
Текстов определител УДК Американска литература (на САЩ)
УДК код - определител по УДК 821.111(73)
УДК определител -31
УДК - код + определител 821.111(73)-31
100 ## - Редна дума - Автор
Автор Маркъм, Даяна
Авторска отговорност първи автор
R(LIN) 475886
139 ## - Редно поле
Редна дума Маркъм, Даяна
Авторски знак Марк - М 32
245 ## - Сведения за заглавието
Заглавие Десетият остров
Подзаглавни данни Радост, красота и неочаквана любов на Азорските острови
Редно поле (дума) Даяна Маркъм ; прев. от англ. Стоянка Сербезова-Леви.
257 ## - Страна на издаване
Страна на създаване/издаване Съединени американски щати
260 ## - Област на издателските данни
9 (RLIN) 209461
Място на издаване, разпространение и проч. София
Име на издателя, разпространителя и проч. Прозорец
Година на издаване 2022
300 ## - Физическа характеристика
Страници 288 с.
Размери/Мащаб 20 см
380 ## - Жанр
Жанр Худож. лит.
700 ## - Други автори (авторска отговорност)
9 (RLIN) 243864
Лично име Сербезова, Стоянка Минчева
Автороска отговорност (Описва отношението между автора и произведението) прев. от англ.
852 ## - Местоположение
Систематично-азбучна сигнатура 821-31/М 32 Д
852 ## - Местоположение
Форматна сигнатура Цб 315745
Фондова буква Хранилище
856 ## - Електронен адрес и достъп
Инструкция (цена за достъп) 0.00
Права за достъп disable
999 ## - СИСТЕМНИ КОНТРОЛНИ НОМЕРА
Koha biblionumber 460098
Koha biblioitemnumber 460098
942 ## - АРТИКУЛИ
Вид на библиотечния материал Книги
Скрит в OPAC Не
Периодичен библиозапис Да
Koha issues (borrowed), all copies 11
944 ## - СЪЗДАВАНЕ И РЕДАКЦИЯ на ЗАПИСА
Създаване/Редакция Създаване
Дата на регистрацията/редакция 2022-06-09
Служител, извършил регистрацията/редакцията 30564
Статус, дата на статуса Галина Якимова
999 ## - СИСТЕМНИ КОНТРОЛНИ НОМЕРА
Koha biblioitemnumber 460098
Наличности
Код за отписване Код за изгубен артикул Източник на класификационната схема Код за повреда Коз за рестрикции Код за отдаване Артикулен № Име на библиотеката - собственик Име на библиотеката, в която се намира в момента Статус (Текущо местоположение) Дата на вписване в системата Местоположение - отдел Цена в лева Систематично азбучна сигнатура Баркод Цена в евро Служебен тип на артикула
  Не е изгубен Universal Decimal Classification Не е повреден без рестрикции заемане за дома 888783 Регионална библиотека "Любен Каравелов" Русе Регионална библиотека "Любен Каравелов" Русе Заемна - подръчен фонд 2022-06-09 Заемна - подръчен фонд 12.75 821-31/М 32 Д 120000872750 6.52 Книги
  Не е изгубен Universal Decimal Classification Не е повреден само за читалня ползва се в читалня 920908 Регионална библиотека "Любен Каравелов" Русе Регионална библиотека "Любен Каравелов" Русе Хранилище 2022-12-20 Хранилище 17.00 Цб 315745 120000880727 8.69 Книги
Vip Innovations Ltd, Rousse, Bulgaria 2025